000
00214nam a22000977a 4500
999
_c
16003
_d
16003
003
OSt
008
191025b ||||| |||| 00| 0 eng d
100
_a
Varkey, Muttath.
_9
4465
245
_a
Mayiladum Kunnu
942
_c
BK